MARC details
| 000 -LEADER |
| fixed length control field |
00920nam a22002057a 4500 |
| 005 - DATE AND TIME OF LATEST TRANSACTION |
| control field |
20230313062243.0 |
| 008 - FIXED-LENGTH DATA ELEMENTS--GENERAL INFORMATION |
| fixed length control field |
230313b |||||||| |||| 00| 0 eng d |
| 020 ## - INTERNATIONAL STANDARD BOOK NUMBER |
| International Standard Book Number |
978-971-27-2782-5 |
| 082 ## - DEWEY DECIMAL CLASSIFICATION NUMBER |
| Classification number |
Fil. 658.456 P552 2013 |
| 110 ## - MAIN ENTRY--CORPORATE NAME |
| Corporate name or jurisdiction name as entry element |
Philippine Association of Convention/Exhibition Organizers and Suppliers, Inc. (PACEOS) |
| Relator term |
author |
| 245 ## - TITLE STATEMENT |
| Title |
The events planning manual / |
| Statement of responsibility, etc. |
Philippine Association of Convention/Exhibition Organizers and Suppliers, Inc. (PACEOS), Philippine M.I.C.E Academy |
| 260 ## - PUBLICATION, DISTRIBUTION, ETC. |
| Place of publication, distribution, etc. |
Mandaluyong City: |
| Name of publisher, distributor, etc. |
Anvil Publishing, |
| Date of publication, distribution, etc. |
c2013 |
| 300 ## - PHYSICAL DESCRIPTION |
| Extent |
[78]p.: |
| Other physical details |
col. ill. |
| 541 ## - IMMEDIATE SOURCE OF ACQUISITION NOTE |
| Accession number |
4118 |
| 650 ## - SUBJECT ADDED ENTRY--TOPICAL TERM |
| Topical term or geographic name entry element |
Congress and convention - Planning - Handbooks, manuals, etc. |
| 650 ## - SUBJECT ADDED ENTRY--TOPICAL TERM |
| Topical term or geographic name entry element |
Exhibitions - Planning - Handbooks, manuals, etc. |
| 650 ## - SUBJECT ADDED ENTRY--TOPICAL TERM |
| Topical term or geographic name entry element |
Meetings - Planning - Handbooks, manuals, etc. |
| 650 ## - SUBJECT ADDED ENTRY--TOPICAL TERM |
| Topical term or geographic name entry element |
Seminars - Planning - Handbooks, manuals, etc. |
| 710 ## - ADDED ENTRY--CORPORATE NAME |
| Corporate name or jurisdiction name as entry element |
Philippine M.I.C.E. Academy |
| Relator term |
author |